Catalogue of the adhesive revenue stamps of Austria II. State issues Part II (Record no. 2046)

000 -LEADER
fixed length control field 00472nam a22001097a 4500
008 - FIXED-LENGTH DATA ELEMENTS--GENERAL INFORMATION
fixed length control field 160606b xxu||||| |||| 00| 0 eng d
100 ## - MAIN ENTRY--AUTHOR'S NAME
Author's Name Erler, Martin
245 ## - TITLE STATEMENT
Title Catalogue of the adhesive revenue stamps of Austria II. State issues Part II
Remainder of title Katalog der Fiskalmarken von Osterreich II. Staatliche Ausgaben Teil II
260 ## - PUBLICATION, DISTRIBUTION, ETC. (IMPRINT)
Place of publication, distribution, etc. Icking, Germany
Name of publisher, distributor, etc. ORA Verlag
Date of publication, distribution, etc. 1979
650 ## - TOPICAL TERM (Tag)
Topical term or geographic name Austria | Revenues | Catalogs and Price Lists | Cinderella Material
700 ## - SECONDARY AUTHOR, EDITOR OR ILLUSTRATOR
Personal Name Tkalcsics, Rudolf
Holdings
Withdrawn status Lost status Source of classification or shelving scheme Damaged status Koha normalized classification for sorting Not for loan Permanent Location Current Location Date acquired Total Checkouts Full call number Barcode Date last seen Price effective from
        G6491 R451 E69   Northern Philatelic Library Northern Philatelic Library 06/06/2016   G6491 R451 E69 1002378 06/06/2016 06/06/2016

Powered by Koha